[Event "Langley op"]
[Site "Langley CAN"]
[Date "2017.09.04"]
[Round "5.1"]
[White "Doknjas, John"]
[Black "Doknjas, Joshua"]
[Result "1-0"]
[WhiteElo "2270"]
[BlackElo "2234"]
[WhiteFideId "-1"]
[WhiteFideId "-1"]
[PlyCount "83"]
[GameId "2160767908347105"]
[EventDate "2017.09.02"]
[EventType "swiss"]
[EventRounds "6"]
[EventCountry "CAN"]
[SourceTitle "EXT 2022"]
[Source "ChessBase"]
[SourceDate "2021.10.06"]
[SourceVersion "1"]
[SourceVersionDate "2021.10.06"]
[SourceQuality "1"]

1. d4 d5 2. c4 c6 3. Nf3 Nf6 4. Nc3 dxc4 5. e4 b5 6. e5 Nd5 7. a4 e6 8. axb5 Nxc3 9. bxc3 cxb5 10. Ng5 Bb7 11. Qh5 g6 12. Qg4 Be7 13. Be2 h5 14. Qg3 Bd5 15. Bd1 Nc6 16. Bc2 Bxg5 17. Bxg5 Qc7 18. O-O a6 19. Bf6 Rf8 20. Qg5 Ne7 21. Ra3 Qb7 22. Rfa1 Nc6 23. Qf4 Rg8 24. Bg5 Rf8 25. f3 a5 26. Be4 Qd7 27. Qf6 a4 28. Rb1 Rb8 29. Raa1 Rb7 30. Ra2 Ne7 31. Bc1 b4 32. cxb4 Bxe4 33. fxe4 Qxd4+ 34. Qf2 Qxe4 35. Rba1 Qxe5 36. Rxa4 f6 37. Bh6 Rg8 38. Re1 Qf5 39. Qd4 e5 40. Qxc4 Qc8 41. Qb3 Nf5 42. Qxg8+ 1-0

[Event "Langley op"]
[Site "Langley CAN"]
[Date "2017.09.04"]
[Round "5.2"]
[White "Richardson, Kai"]
[Black "Wu, Lucian"]
[Result "0-1"]
[WhiteElo "2099"]
[BlackElo "1774"]
[WhiteFideId "-1"]
[WhiteFideId "-1"]
[PlyCount "144"]
[GameId "2160767908347106"]
[EventDate "2017.09.02"]
[EventType "swiss"]
[EventRounds "6"]
[EventCountry "CAN"]
[SourceTitle "EXT 2022"]
[Source "ChessBase"]
[SourceDate "2021.10.06"]
[SourceVersion "1"]
[SourceVersionDate "2021.10.06"]
[SourceQuality "1"]

1. d4 Nf6 2. c4 g6 3. Nc3 Bg7 4. e4 d6 5. f3 O-O 6. Be3 Nc6 7. Nge2 a6 8. Ng3 e5 9. d5 Nd4 10. Nge2 c5 11. dxc6 Nxc6 12. Nc1 Qc7 13. Bd3 Rb8 14. O-O Be6 15. Nd5 Bxd5 16. cxd5 Nb4 17. Nb3 Nxd3 18. Qxd3 Rbc8 19. Rac1 Qd7 20. Na5 Nh5 21. Qb3 b5 22. Rc6 Rxc6 23. Nxc6 f5 24. Qa3 Ra8 25. Rc1 fxe4 26. fxe4 Qg4 27. Qxd6 Qxe4 28. Qa3 Bf8 29. Qb3 Kh8 30. g3 Nf6 31. Rd1 Ng4 32. Bb6 Qe2 33. Qd3 Qxh2+ 34. Kf1 Qh1+ 35. Ke2 Qg2+ 36. Ke1 Bh6 37. d6 Qg1+ 38. Ke2 Qg2+ 39. Ke1 Qxc6 40. d7 Qxb6 41. d8=Q+ Rxd8 42. Qxd8+ Qxd8 43. Rxd8+ Kg7 44. Ra8 Bc1 45. b3 Bb2 46. Rxa6 Kh6 47. Ke2 b4 48. Ra7 Nf6 49. Kd3 Kg5 50. Rb7 Ba3 51. Rb5 Kf5 52. Ke3 g5 53. Rc5 Nh5 54. Kf3 g4+ 55. Kf2 Nf6 56. Ke3 Ne4 57. Rc7 Nxg3 58. Rxh7 Bc1+ 59. Kf2 Kf4 60. Rc7 Be3+ 61. Kg2 Bd2 62. Rc2 Ne4 63. Rc4 Ke3 64. Rc8 Nf6 65. Rc6 Nd5 66. Rc5 Nf4+ 67. Kg3 Nd3 68. Rb5 e4 69. Kxg4 Ke2 70. Rh5 e3 71. Rh2+ Nf2+ 72. Kg3 Kd1 0-1

[Event "Langley op"]
[Site "Langley CAN"]
[Date "2017.09.04"]
[Round "5.3"]
[White "McLaren, Brian"]
[Black "Soliven, Joe"]
[Result "1-0"]
[WhiteElo "2165"]
[BlackElo "1902"]
[WhiteFideId "-1"]
[WhiteFideId "-1"]
[PlyCount "157"]
[GameId "2160767908347107"]
[EventDate "2017.09.02"]
[EventType "swiss"]
[EventRounds "6"]
[EventCountry "CAN"]
[SourceTitle "EXT 2022"]
[Source "ChessBase"]
[SourceDate "2021.10.06"]
[SourceVersion "1"]
[SourceVersionDate "2021.10.06"]
[SourceQuality "1"]

1. e4 c6 2. d4 d5 3. Nc3 dxe4 4. Nxe4 Bf5 5. Qf3 e6 6. c3 Nd7 7. Bf4 Ndf6 8. Nd2 Ne7 9. h3 h6 10. g4 Bg6 11. Ne2 Nc8 12. Bg2 Nd6 13. Ng3 Be7 14. O-O O-O 15. Rfe1 Rc8 16. Rad1 Bc2 17. Rc1 Bg6 18. c4 b5 19. b3 Qa5 20. Qc3 b4 21. Qb2 Rfd8 22. Nf3 Nd7 23. Rcd1 Nb7 24. Qe2 Bf8 25. c5 Be7 26. h4 Re8 27. h5 Bh7 28. g5 hxg5 29. Bxg5 Qd8 30. Qd2 a5 31. Bxe7 Qxe7 32. Ng5 Nf6 33. Nxh7 Nxh7 34. Qe3 Qh4 35. Qe4 Qg5 36. Qd3 f5 37. Re5 Qh6 38. Rde1 Nd8 39. Nxf5 Qf4 40. Nd6 Rf8 41. Nxc8 Qxf2+ 42. Kh2 Rf4 43. R1e3 Nf6 44. Rg5 Qh4+ 45. Rh3 Qxg5 46. Ne7+ Kf7 47. Ng6 Rf5 48. Ne5+ Kg8 49. h6 Qf4+ 50. Qg3 Qxg3+ 51. Rxg3 Rh5+ 52. Kg1 Rxh6 53. Nxc6 Nxc6 54. Bxc6 Rh4 55. Rd3 Rh5 56. Bf3 Rf5 57. c6 Ne8 58. Kf2 Nc7 59. Ke3 Kf7 60. Rd2 Rg5 61. Rh2 Ke7 62. Rh8 Ne8 63. Be4 Rg1 64. Rh5 Nc7 65. Rxa5 g5 66. Ra4 Re1+ 67. Kd3 Ra1 68. Rxb4 Rxa2 69. Rb7 Kd6 70. b4 Rb2 71. Kc4 g4 72. b5 g3 73. b6 g2 74. Bxg2 Rxg2 75. bxc7 Rc2+ 76. Kb5 Rb2+ 77. Ka6 Ra2+ 78. Kb6 Rb2+ 79. Ka7 1-0

[Event "Langley op"]
[Site "Langley CAN"]
[Date "2017.09.04"]
[Round "5.4"]
[White "Landingin, Jofrei"]
[Black "Zhu, Brandon"]
[Result "1-0"]
[WhiteElo "1816"]
[BlackElo "2173"]
[WhiteFideId "-1"]
[WhiteFideId "-1"]
[PlyCount "81"]
[GameId "2160767908347108"]
[EventDate "2017.09.02"]
[EventType "swiss"]
[EventRounds "6"]
[EventCountry "CAN"]
[SourceTitle "EXT 2022"]
[Source "ChessBase"]
[SourceDate "2021.10.06"]
[SourceVersion "1"]
[SourceVersionDate "2021.10.06"]
[SourceQuality "1"]

1. Nf3 f5 2. d4 Nf6 3. Bg5 Ne4 4. Nbd2 Nxg5 5. Nxg5 e5 6. Ngf3 e4 7. Ne5 d6 8. Nec4 Be7 9. e3 O-O 10. Qh5 g6 11. Qe2 Bf6 12. c3 c5 13. dxc5 dxc5 14. O-O-O Qc7 15. Na3 Be6 16. Kb1 Nc6 17. f4 Rab8 18. Nb3 b6 19. h3 Qf7 20. Nc1 Rfd8 21. g4 Rxd1 22. Qxd1 Rd8 23. Qe2 Qd7 24. gxf5 gxf5 25. Rg1+ Kh8 26. Qb5 Ne7 27. Qxd7 Rxd7 28. Bc4 Bxc4 29. Nxc4 Nd5 30. Re1 Kg7 31. Nb3 Kh6 32. Kc1 Be7 33. Ne5 Rd6 34. Nf7+ Kh5 35. Nxd6 Bxd6 36. Rd1 Bxf4 37. Rxd5 Bxe3+ 38. Kd1 Kg5 39. Nd2 Kf4 40. Nf1 Bf2 41. Ke2 1-0

[Event "Langley op"]
[Site "Langley CAN"]
[Date "2017.09.04"]
[Round "5.5"]
[White "Singh, Gurbaz"]
[Black "Hemstapat, Andrew"]
[Result "0-1"]
[WhiteElo "1341"]
[BlackElo "2069"]
[WhiteFideId "-1"]
[WhiteFideId "-1"]
[PlyCount "58"]
[GameId "2160767908347109"]
[EventDate "2017.09.02"]
[EventType "swiss"]
[EventRounds "6"]
[EventCountry "CAN"]
[SourceTitle "EXT 2022"]
[Source "ChessBase"]
[SourceDate "2021.10.06"]
[SourceVersion "1"]
[SourceVersionDate "2021.10.06"]
[SourceQuality "1"]

1. d4 Nf6 2. c4 g6 3. Nc3 Bg7 4. e4 d6 5. Nf3 O-O 6. h3 e5 7. d5 a5 8. Bg5 Na6 9. a3 Bd7 10. Be2 Qe8 11. b3 Nc5 12. Nd2 h6 13. Be3 Nh7 14. Bxc5 dxc5 15. Nb5 Rc8 16. Na7 Rd8 17. Nb5 Bxb5 18. cxb5 f5 19. Qc2 Qe7 20. Rc1 b6 21. O-O Kh8 22. Rfd1 Qh4 23. Nf3 Qxe4 24. Qxe4 fxe4 25. Nd2 Nf6 26. Bc4 h5 27. Rc3 Nxd5 28. Bxd5 Rxd5 29. Re3 Bh6 0-1

[Event "Langley op"]
[Site "Langley CAN"]
[Date "2017.09.04"]
[Round "5.6"]
[White "Doknjas, Neil"]
[Black "Song, Ethan"]
[Result "1-0"]
[WhiteElo "1900"]
[BlackElo "1280"]
[WhiteFideId "-1"]
[WhiteFideId "-1"]
[PlyCount "93"]
[GameId "2160767908347110"]
[EventDate "2017.09.02"]
[EventType "swiss"]
[EventRounds "6"]
[EventCountry "CAN"]
[SourceTitle "EXT 2022"]
[Source "ChessBase"]
[SourceDate "2021.10.06"]
[SourceVersion "1"]
[SourceVersionDate "2021.10.06"]
[SourceQuality "1"]

1. e4 e5 2. Nf3 Nc6 3. d4 exd4 4. Nxd4 Nf6 5. Nxc6 bxc6 6. Bd3 d6 7. O-O Be7 8. Be3 Rb8 9. Nd2 O-O 10. Bxa7 Rb7 11. Be3 d5 12. e5 Ng4 13. Bf4 Bg5 14. Bxg5 Qxg5 15. h3 Nh6 16. f4 Qe7 17. Nb3 Rd8 18. Ba6 Rb8 19. Bxc8 Rbxc8 20. Nd4 Qc5 21. Kh1 Rb8 22. Rb1 Qa7 23. Nxc6 Qc5 24. Nxb8 Rxb8 25. Qd3 Rb4 26. c3 Re4 27. b4 Qa7 28. Qxd5 g6 29. Qxe4 Nf5 30. Qd3 Qxa2 31. Ra1 Qb2 32. g4 Nh4 33. Qd8+ Kg7 34. Qf6+ Kh6 35. Qxh4+ Kg7 36. g5 Kf8 37. Qxh7 Qe2 38. Qh8+ Ke7 39. Qf6+ Kd7 40. Qxf7+ Kc6 41. Qe6+ Kb7 42. Qd5+ c6 43. Qd7+ Kb8 44. Qd8+ Kb7 45. Qa8+ Kc7 46. Ra7+ Kb6 47. Qb7# 1-0

[Event "Langley op"]
[Site "Langley CAN"]
[Date "2017.09.04"]
[Round "5.7"]
[White "Lehingrat, Callum"]
[Black "Gu, Chuyang"]
[Result "1/2-1/2"]
[WhiteElo "1841"]
[BlackElo "1735"]
[WhiteFideId "-1"]
[WhiteFideId "-1"]
[PlyCount "85"]
[GameId "2160767908347111"]
[EventDate "2017.09.02"]
[EventType "swiss"]
[EventRounds "6"]
[EventCountry "CAN"]
[SourceTitle "EXT 2022"]
[Source "ChessBase"]
[SourceDate "2021.10.06"]
[SourceVersion "1"]
[SourceVersionDate "2021.10.06"]
[SourceQuality "1"]

1. d4 Nf6 2. c4 e6 3. g3 d5 4. Bg2 dxc4 5. Nf3 Nc6 6. O-O Be7 7. Qa4 O-O 8. Qxc4 h6 9. Nc3 a6 10. Rd1 Bd6 11. e4 Nd7 12. Qe2 b5 13. e5 Bb4 14. Ne1 Bb7 15. Nxb5 Bxe1 16. Rxe1 axb5 17. Qxb5 Nxd4 18. Qxb7 Nc2 19. Qxa8 Qxa8 20. Bxa8 Nxe1 21. Be4 Nc5 22. Be3 Nxe4 23. Rxe1 Rd8 24. Rc1 Rb8 25. Rc4 Ng5 26. Bxg5 hxg5 27. b3 Rb7 28. Kg2 f6 29. Kf3 Kf7 30. Ke4 Ke7 31. Kd4 Kd7 32. exf6 gxf6 33. Kc3 Rb5 34. Rd4+ Kc6 35. a4 Re5 36. b4 Re2 37. Rd2 Re4 38. Kb3 g4 39. Rc2+ Kb6 40. a5+ Kb7 41. Ka4 c6 42. Kb3 f5 43. Rc1 1/2-1/2

[Event "Langley op"]
[Site "Langley CAN"]
[Date "2017.09.04"]
[Round "5.8"]
[White "Sullivan, Brian"]
[Black "Williamson, Jason"]
[Result "1/2-1/2"]
[WhiteElo "1565"]
[BlackElo "1912"]
[WhiteFideId "-1"]
[WhiteFideId "-1"]
[PlyCount "58"]
[GameId "2160767908347112"]
[EventDate "2017.09.02"]
[EventType "swiss"]
[EventRounds "6"]
[EventCountry "CAN"]
[SourceTitle "EXT 2022"]
[Source "ChessBase"]
[SourceDate "2021.10.06"]
[SourceVersion "1"]
[SourceVersionDate "2021.10.06"]
[SourceQuality "1"]

1. d4 Nf6 2. c4 g6 3. Nc3 Bg7 4. Nf3 d6 5. h3 O-O 6. e3 a5 7. Bd3 Na6 8. O-O Re8 9. e4 e5 10. d5 Nc5 11. Bc2 Bd7 12. Be3 b6 13. Rc1 Kh8 14. Qd2 Ng8 15. a3 f5 16. exf5 gxf5 17. b4 axb4 18. axb4 Na6 19. Bg5 Qc8 20. Nb5 h6 21. Bh4 f4 22. Kh2 e4 23. Nfd4 f3 24. Nxf3 Nxb4 25. Bxe4 Bxb5 26. Qxb4 Rxe4 27. Qxb5 Ra3 28. Qb1 Re2 29. Qg6 Qa6 1/2-1/2

[Event "Langley op"]
[Site "Langley CAN"]
[Date "2017.09.04"]
[Round "5.9"]
[White "Chung, Alec"]
[Black "Wang, Jerry"]
[Result "1/2-1/2"]
[WhiteElo "1833"]
[BlackElo "1364"]
[WhiteFideId "-1"]
[WhiteFideId "-1"]
[PlyCount "88"]
[GameId "2160767908347113"]
[EventDate "2017.09.02"]
[EventType "swiss"]
[EventRounds "6"]
[EventCountry "CAN"]
[SourceTitle "EXT 2022"]
[Source "ChessBase"]
[SourceDate "2021.10.06"]
[SourceVersion "1"]
[SourceVersionDate "2021.10.06"]
[SourceQuality "1"]

1. c4 c5 2. Nc3 Nc6 3. g3 g6 4. Bg2 Bg7 5. e4 d6 6. Nge2 Nf6 7. d3 O-O 8. h3 Bd7 9. Be3 a6 10. O-O Rc8 11. Rb1 Qa5 12. Qd2 b5 13. Nd5 Qxd2 14. Bxd2 Nxd5 15. cxd5 Ne5 16. Nc1 Bxh3 17. Bxh3 Nf3+ 18. Kg2 Nxd2 19. Bxc8 Rxc8 20. Nb3 Nxf1 21. Kxf1 e6 22. Na5 exd5 23. exd5 Re8 24. Nc6 f5 25. b3 b4 26. Re1 Rxe1+ 27. Kxe1 Kf7 28. Nb8 a5 29. Nc6 Kf6 30. f4 g5 31. Kf2 gxf4 32. gxf4 h5 33. Nd8 Bh6 34. Ne6 h4 35. Kg2 Kg6 36. Kh2 Bg7 37. Nxg7 Kxg7 38. Kh3 Kh6 39. Kxh4 Kg6 40. Kh3 Kh5 41. Kg3 Kg6 42. Kf3 Kh5 43. Kg3 Kg6 44. Kh4 Kh6 1/2-1/2

[Event "Langley op"]
[Site "Langley CAN"]
[Date "2017.09.04"]
[Round "5.10"]
[White "Jose, Marionito"]
[Black "Wang, Kai"]
[Result "0-1"]
[WhiteElo "1555"]
[BlackElo "1743"]
[WhiteFideId "-1"]
[WhiteFideId "-1"]
[PlyCount "74"]
[GameId "2160767908347114"]
[EventDate "2017.09.02"]
[EventType "swiss"]
[EventRounds "6"]
[EventCountry "CAN"]
[SourceTitle "EXT 2022"]
[Source "ChessBase"]
[SourceDate "2021.10.06"]
[SourceVersion "1"]
[SourceVersionDate "2021.10.06"]
[SourceQuality "1"]

1. e4 c5 2. Nc3 d6 3. f4 Nf6 4. Nf3 g6 5. Bc4 Bg7 6. d3 Bg4 7. h3 Bxf3 8. Qxf3 Nc6 9. Be3 O-O 10. O-O a6 11. a4 Rb8 12. g4 Nd4 13. Bxd4 cxd4 14. Ne2 Nd7 15. Ng3 b5 16. axb5 axb5 17. Bb3 Nc5 18. Ba2 Na4 19. h4 Nxb2 20. g5 Qc8 21. Rf2 Ra8 22. h5 Qc3 23. hxg6 hxg6 24. f5 Nc4 25. Rd1 Ne5 26. Qe2 Rxa2 27. f6 exf6 28. gxf6 Bxf6 29. Rxf6 Rxc2 30. Qf1 Ng4 31. Nf5 Nxf6 32. Nxd6 Nh5 33. e5 Qb3 34. Qf3 Qe6 35. Re1 b4 36. Kh1 b3 37. Rg1 Qxe5 0-1

[Event "Langley op"]
[Site "Langley CAN"]
[Date "2017.09.04"]
[Round "5.13"]
[White "Angelvette, Duane"]
[Black "Leblanc, Paul"]
[Result "0-1"]
[WhiteElo "1543"]
[BlackElo "1872"]
[WhiteFideId "-1"]
[WhiteFideId "-1"]
[PlyCount "93"]
[GameId "2160767908347115"]
[EventDate "2017.09.02"]
[EventType "swiss"]
[EventRounds "6"]
[EventCountry "CAN"]
[SourceTitle "EXT 2022"]
[Source "ChessBase"]
[SourceDate "2021.10.06"]
[SourceVersion "1"]
[SourceVersionDate "2021.10.06"]
[SourceQuality "1"]

1. b3 d5 2. Bb2 Bf5 3. f4 e6 4. d3 Nf6 5. Nf3 h6 6. g3 c5 7. h3 d4 8. c4 Nc6 9. Bg2 Qc7 10. O-O Bd6 11. Na3 a6 12. Nc2 O-O-O 13. b4 Nh5 14. b5 axb5 15. cxb5 Ne7 16. Ncxd4 Nxg3 17. b6 Qxb6 18. Nxf5 Nexf5 19. Ne5 Nxf1 20. Nc4 Qc7 21. Qxf1 Bxf4 22. Qf3 Nh4 23. Qe4 Nxg2 24. Qxg2 Rd5 25. Qe4 Rg5+ 26. Kf1 Bh2 27. Ke1 Qg3+ 28. Kd1 Qc7 29. Kc2 Rd8 30. Bc3 Qc6 31. Qe3 Rg3 32. Qf2 Rg2 33. Qe3 Bc7 34. Rb1 Rg3 35. Qf2 f6 36. Nb6+ Kb8 37. Ba5 Rg2 38. Qe3 Bxb6 39. Bxb6 Qa4+ 40. Rb3 Qxa2+ 41. Rb2 Qa4+ 42. Rb3 Qc6 43. Bxc5 Rc8 44. d4 e5 45. Rb6 Qa4+ 46. Kc3 exd4+ 47. Qxd4 0-1

[Event "Langley op"]
[Site "Langley CAN"]
[Date "2017.09.04"]
[Round "6.1"]
[White "Wu, Lucian"]
[Black "Doknjas, John"]
[Result "0-1"]
[WhiteElo "1774"]
[BlackElo "2270"]
[WhiteFideId "-1"]
[WhiteFideId "-1"]
[PlyCount "122"]
[GameId "2160767908347116"]
[EventDate "2017.09.02"]
[EventType "swiss"]
[EventRounds "6"]
[EventCountry "CAN"]
[SourceTitle "EXT 2022"]
[Source "ChessBase"]
[SourceDate "2021.10.06"]
[SourceVersion "1"]
[SourceVersionDate "2021.10.06"]
[SourceQuality "1"]

1. d4 Nf6 2. c4 c5 3. d5 e6 4. Nc3 exd5 5. cxd5 d6 6. e4 g6 7. Bd3 Bg7 8. h3 O-O 9. Nf3 Nh5 10. O-O Nd7 11. Bd2 Re8 12. Re1 Ne5 13. Be2 Nxf3+ 14. Bxf3 Nf6 15. Bf4 Nd7 16. Qe2 Ne5 17. Rab1 Qf6 18. Bg3 Bd7 19. Bg4 Bxg4 20. hxg4 Qg5 21. f4 Qxg4 22. Qxg4 Nxg4 23. Nb5 Rad8 24. Nxa7 Bd4+ 25. Kh1 Bf2 26. Bxf2 Nxf2+ 27. Kg1 Nxe4 28. Nb5 f5 29. Re2 Nf6 30. Rxe8+ Nxe8 31. Re1 Nf6 32. Re6 Nxd5 33. g3 Kf7 34. Rxd6 Ke7 35. Rxd8 Kxd8 36. Kf2 Kd7 37. Ke2 Kc6 38. Na3 Nb4 39. Nc4 Nxa2 40. Kd3 Nb4+ 41. Kc3 Nd5+ 42. Kd3 Nf6 43. Na5+ Kb6 44. Nc4+ Kc7 45. Ne3 b5 46. b3 Kd6 47. Nf1 Ne4 48. Ke3 Kd5 49. Kd3 c4+ 50. bxc4+ bxc4+ 51. Kc2 Kd4 52. Kd1 Kd3 53. Ke1 c3 54. Kd1 c2+ 55. Kc1 Nc3 56. Kb2 Ne2 57. Kb3 c1=Q 58. Kb4 Qc6 59. Kb3 Qb5+ 60. Ka2 Kc3 61. Ka1 Qb2# 0-1

[Event "Langley op"]
[Site "Langley CAN"]
[Date "2017.09.04"]
[Round "6.2"]
[White "Doknjas, Joshua"]
[Black "McLaren, Brian"]
[Result "1/2-1/2"]
[WhiteElo "2234"]
[BlackElo "2165"]
[WhiteFideId "-1"]
[WhiteFideId "-1"]
[PlyCount "107"]
[GameId "2160767908347117"]
[EventDate "2017.09.02"]
[EventType "swiss"]
[EventRounds "6"]
[EventCountry "CAN"]
[SourceTitle "EXT 2022"]
[Source "ChessBase"]
[SourceDate "2021.10.06"]
[SourceVersion "1"]
[SourceVersionDate "2021.10.06"]
[SourceQuality "1"]

1. e4 Nf6 2. e5 Nd5 3. d4 d6 4. c4 Nb6 5. exd6 exd6 6. Nc3 Be7 7. Bd3 O-O 8. Nge2 Bg4 9. O-O c6 10. Qc2 g6 11. Be3 Bxe2 12. Nxe2 d5 13. c5 Nc8 14. b4 Re8 15. a4 Bf6 16. Rab1 Nd7 17. b5 a6 18. bxc6 bxc6 19. Rb7 Nf8 20. Rfb1 Ne6 21. Qd2 Re7 22. Rb8 Rea7 23. Rxa8 Rxa8 24. Qb4 Ne7 25. Nf4 Nc7 26. Qa5 Qc8 27. h3 h5 28. Rb6 Kg7 29. Qd2 a5 30. Qd1 Ne6 31. Nxe6+ Qxe6 32. Qf3 h4 33. Qf4 g5 34. Qf3 Qd7 35. Qh5 Rh8 36. Qe2 Qe6 37. Ra6 Rb8 38. Rxa5 Ng6 39. Ra6 Qc8 40. Rb6 Ra8 41. Bc2 Bd8 42. Rb1 Bf6 43. Qg4 Qxg4 44. hxg4 Nf8 45. Rb4 Ne6 46. Kf1 Ra7 47. Ke2 Kf8 48. Kd3 Ke7 49. Rb1 Kd7 50. Bb3 Rb7 51. Bc2 Ra7 52. Rb3 Kc7 53. Ra3 Ra5 54. Bd2 1/2-1/2

[Event "Langley op"]
[Site "Langley CAN"]
[Date "2017.09.04"]
[Round "6.3"]
[White "Hemstapat, Andrew"]
[Black "Doknjas, Neil"]
[Result "1-0"]
[WhiteElo "2069"]
[BlackElo "1900"]
[WhiteFideId "-1"]
[WhiteFideId "-1"]
[PlyCount "75"]
[GameId "2160767908347118"]
[EventDate "2017.09.02"]
[EventType "swiss"]
[EventRounds "6"]
[EventCountry "CAN"]
[SourceTitle "EXT 2022"]
[Source "ChessBase"]
[SourceDate "2021.10.06"]
[SourceVersion "1"]
[SourceVersionDate "2021.10.06"]
[SourceQuality "1"]

1. e4 c5 2. Nf3 d6 3. d4 cxd4 4. Nxd4 Nf6 5. Nc3 a6 6. Bg5 e6 7. f4 Qb6 8. Qd2 Nc6 9. Nb3 Bd7 10. Bh4 Be7 11. Bf2 Qc7 12. Be2 h5 13. h3 O-O-O 14. Bf3 Na5 15. Nxa5 Qxa5 16. Qe3 Qc5 17. Qe2 Qc7 18. O-O Bc6 19. Rab1 d5 20. e5 Ne8 21. Rfd1 Bb4 22. Rd3 Ba5 23. b4 Bb6 24. b5 axb5 25. Nxb5 Bxb5 26. Rxb5 Bxf2+ 27. Qxf2 Kd7 28. Bxd5 exd5 29. Rbxd5+ Nd6 30. Rxd6+ Kc8 31. Qd4 Rxd6 32. exd6 Qa5 33. d7+ Kd8 34. Qxg7 Qb6+ 35. Kh2 Qh6 36. Qe5 Qf8 37. Qb8+ Ke7 38. d8=Q+ 1-0

[Event "Langley op"]
[Site "Langley CAN"]
[Date "2017.09.04"]
[Round "6.4"]
[White "Soliven, Joe"]
[Black "Landingin, Jofrei"]
[Result "0-1"]
[WhiteElo "1902"]
[BlackElo "1816"]
[WhiteFideId "-1"]
[WhiteFideId "-1"]
[PlyCount "110"]
[GameId "2160767908347119"]
[EventDate "2017.09.02"]
[EventType "swiss"]
[EventRounds "6"]
[EventCountry "CAN"]
[SourceTitle "EXT 2022"]
[Source "ChessBase"]
[SourceDate "2021.10.06"]
[SourceVersion "1"]
[SourceVersionDate "2021.10.06"]
[SourceQuality "1"]

1. f4 Nf6 2. Nf3 d5 3. b3 Bg4 4. e3 c6 5. Bb2 Nbd7 6. Be2 Bxf3 7. Bxf3 e6 8. O-O Bc5 9. Kh1 Qc7 10. d4 Be7 11. Nd2 O-O 12. Qe2 Kh8 13. Rf2 Rg8 14. g4 g5 15. fxg5 Rxg5 16. h4 Rg7 17. g5 Ng8 18. Rg1 f5 19. Rfg2 Qd8 20. e4 Nf8 21. e5 Ng6 22. Qf2 Nf8 23. Nf1 Rc8 24. Ng3 Rc7 25. Nh5 Rg6 26. Bc1 c5 27. Be3 cxd4 28. Bxd4 Qc8 29. Nf4 Rg7 30. h5 Bc5 31. h6 Rg6 32. Bxd5 Bxd4 33. Qxd4 Ne7 34. c4 Kg8 35. Bf3 b6 36. Rd1 Rd7 37. Qa1 Qc5 38. Rxd7 Nxd7 39. Bd5 Nf8 40. Nxg6 Nexg6 41. Rd2 Qe3 42. Qd1 exd5 43. cxd5 Nxe5 44. Rc2 Qe4+ 45. Kg1 Qe3+ 46. Kf1 Qf4+ 47. Rf2 Qe4 48. d6 f4 49. Qc2 Qh1+ 50. Ke2 f3+ 51. Kd2 Qa1 52. b4 Qd4+ 53. Ke1 Nd3+ 54. Kd2 Nxf2+ 55. Ke1 Nd3+ 0-1

[Event "Langley op"]
[Site "Langley CAN"]
[Date "2017.09.04"]
[Round "6.5"]
[White "Drake, Stephen"]
[Black "Lehingrat, Callum"]
[Result "0-1"]
[WhiteElo "1249"]
[BlackElo "1841"]
[WhiteFideId "-1"]
[WhiteFideId "-1"]
[PlyCount "54"]
[GameId "2160767908347120"]
[EventDate "2017.09.02"]
[EventType "swiss"]
[EventRounds "6"]
[EventCountry "CAN"]
[SourceTitle "EXT 2022"]
[Source "ChessBase"]
[SourceDate "2021.10.06"]
[SourceVersion "1"]
[SourceVersionDate "2021.10.06"]
[SourceQuality "1"]

1. e4 c5 2. c3 d5 3. exd5 Qxd5 4. Nf3 g6 5. d4 cxd4 6. cxd4 Bg7 7. Nc3 Qd8 8. Bc4 Nh6 9. O-O O-O 10. d5 Qc7 11. Qb3 Nf5 12. Nb5 Qb6 13. Bf4 Na6 14. d6 Nc5 15. Qa3 exd6 16. Rad1 Be6 17. Bxe6 Nxe6 18. Bxd6 Qxb5 19. Bxf8 Bxf8 20. Qc3 Bg7 21. Qc2 Re8 22. a4 Qb4 23. Rd7 Nc5 24. Rc7 Bf8 25. Ng5 Bd6 26. Rxf7 Qf4 27. Rxh7 Qxg5 0-1

[Event "Langley op"]
[Site "Langley CAN"]
[Date "2017.09.04"]
[Round "6.6"]
[White "Gu, Chuyang"]
[Black "Wang, Kai"]
[Result "1-0"]
[WhiteElo "1735"]
[BlackElo "1743"]
[WhiteFideId "-1"]
[WhiteFideId "-1"]
[PlyCount "85"]
[GameId "2160767908347121"]
[EventDate "2017.09.02"]
[EventType "swiss"]
[EventRounds "6"]
[EventCountry "CAN"]
[SourceTitle "EXT 2022"]
[Source "ChessBase"]
[SourceDate "2021.10.06"]
[SourceVersion "1"]
[SourceVersionDate "2021.10.06"]
[SourceQuality "1"]

1. e4 c5 2. Nf3 d6 3. d4 cxd4 4. Nxd4 Nf6 5. Nc3 g6 6. Be3 a6 7. f3 b5 8. Qd2 Bb7 9. a4 b4 10. Na2 e5 11. Nb3 d5 12. exd5 Bxd5 13. Bg5 Nbd7 14. Bd3 Qb6 15. Qe2 Be7 16. Be3 Qb7 17. O-O O-O 18. Nd2 Nc5 19. Bc4 Nxa4 20. Bg5 Rfe8 21. Kh1 Bc6 22. Qxe5 Ng4 23. Qf4 Bxg5 24. Qxg5 Ne3 25. Rfc1 Rad8 26. Bd3 b3 27. Nxb3 Bxf3 28. gxf3 Qxf3+ 29. Kg1 Rd5 30. Qg3 Qf6 31. h4 Qb6 32. Kh2 Rxd3 33. cxd3 Qxb3 34. Re1 Qxb2+ 35. Kh3 Qb6 36. Qf4 Nb2 37. Nb4 Kg7 38. Rxa6 Qb5 39. Rxe3 Rxe3+ 40. Qxe3 Qxb4 41. Qe5+ Kh6 42. Qg5+ Kg7 43. h5 1-0

[Event "Langley op"]
[Site "Langley CAN"]
[Date "2017.09.04"]
[Round "6.7"]
[White "Wang, Jerry"]
[Black "Zhu, Brandon"]
[Result "1-0"]
[WhiteElo "1364"]
[BlackElo "2173"]
[WhiteFideId "-1"]
[WhiteFideId "-1"]
[PlyCount "97"]
[GameId "2160767908347122"]
[EventDate "2017.09.02"]
[EventType "swiss"]
[EventRounds "6"]
[EventCountry "CAN"]
[SourceTitle "EXT 2022"]
[Source "ChessBase"]
[SourceDate "2021.10.06"]
[SourceVersion "1"]
[SourceVersionDate "2021.10.06"]
[SourceQuality "1"]

1. e4 d5 2. exd5 Nf6 3. d4 Bg4 4. Nf3 Qxd5 5. Be2 e6 6. O-O Be7 7. Bf4 c6 8. c4 Qd8 9. Nc3 Nbd7 10. Qd2 O-O 11. Rad1 Bb4 12. a3 Ne4 13. Qc1 Nxc3 14. bxc3 Be7 15. Qb2 Qb6 16. Qa2 Qa5 17. Rb1 b6 18. Rb3 Qf5 19. Bg3 c5 20. Rbb1 Rac8 21. Rbc1 Nf6 22. h3 Bxf3 23. Bxf3 Ne4 24. Bh2 Ng5 25. Bg4 Qg6 26. f4 h5 27. Be2 Ne4 28. Bd3 f5 29. Bxe4 fxe4 30. a4 Rfd8 31. Qf2 cxd4 32. cxd4 Rxd4 33. Qe2 Qf5 34. Kh1 Qc5 35. Bg1 Bf6 36. Bxd4 Bxd4 37. Qxe4 Re8 38. Rcd1 Bf6 39. Rfe1 h4 40. f5 e5 41. Qd5+ Kf8 42. Qxc5+ bxc5 43. Rd7 e4 44. Kg1 Bd4+ 45. Kf1 Re5 46. Ke2 Ke8 47. Rxa7 Rxf5 48. Rb1 Be5 49. Rbb7 1-0

[Event "Langley op"]
[Site "Langley CAN"]
[Date "2017.09.04"]
[Round "6.8"]
[White "Williamson, Jason"]
[Black "Bremner, William"]
[Result "1-0"]
[WhiteElo "1912"]
[BlackElo "1416"]
[WhiteFideId "-1"]
[WhiteFideId "-1"]
[PlyCount "55"]
[GameId "2160767908347123"]
[EventDate "2017.09.02"]
[EventType "swiss"]
[EventRounds "6"]
[EventCountry "CAN"]
[SourceTitle "EXT 2022"]
[Source "ChessBase"]
[SourceDate "2021.10.06"]
[SourceVersion "1"]
[SourceVersionDate "2021.10.06"]
[SourceQuality "1"]

1. e4 c6 2. d4 d5 3. Nd2 dxe4 4. Nxe4 Bf5 5. Ng3 Bg6 6. Nf3 Nd7 7. h4 h6 8. h5 Bh7 9. Bd3 Bxd3 10. Qxd3 e6 11. Bf4 Qa5+ 12. Bd2 Bb4 13. c3 Be7 14. Ne4 Ngf6 15. c4 Qc7 16. O-O-O O-O-O 17. Nc3 e5 18. dxe5 Nxe5 19. Qf5+ Ned7 20. Bf4 Qb6 21. Rhe1 Qc5 22. Ne5 Rhf8 23. Na4 Qb4 24. Nxd7 Nxd7 25. Rxe7 Qxe7 26. Qa5 Nb6 27. Nxb6+ axb6 28. Qa8# 1-0